| 000 | 00893nam a2200229Ia 4500 | ||
|---|---|---|---|
| 003 | OSt | ||
| 005 | 20220923212411.0 | ||
| 006 | a|||||r|||| 00| 0 | ||
| 007 | ta | ||
| 008 | 220922b |||||||| |||| 00| 0 hin d | ||
| 024 | _a152,620 | ||
| 037 | _cTextual | ||
| 040 |
_aARTS _cARTS _bhin |
||
| 041 |
_2hin _ahin |
||
| 082 | _aN82, 152K6 | ||
| 100 |
_aबृहस्पति, कैलासचन्द्र देव; सुमित्राकुमारी _9162429 |
||
| 245 | 0 | _aसंगीत चिन्तामणि, लक्ष्मीनारायण गर्ग संपा | |
| 246 | _aSangīt chintāmaṇi, lakṣhmīnārāyaṇ garga sanpā0 | ||
| 260 | _c1966 | ||
| 942 |
_hN82, 152K6 _cTEXL _2CC |
||
| 999 |
_c308269 _d308269 |
||